| 000 | 00656nam a22002177a 4500 | ||
|---|---|---|---|
| 999 |
_c196779 _d196779 |
||
| 005 | 20230731115800.0 | ||
| 008 | 090225t xxu||||| |||| 00| 1 eng d | ||
| 010 | _aENG-137616 | ||
| 020 |
_a995221023 _c100.00 |
||
| 035 | _aEN-121148 | ||
| 037 | _bDBAD/PUB | ||
| 040 |
_aDPL _bEnglish |
||
| 082 | _a303.625 | ||
| 100 |
_929133 _aMammadava,havva |
||
| 245 |
_aMinistry of culture and tourism of the republic of azerbaijan/ _cby Havva mammadova |
||
| 260 |
_aBaku _bHouse of tales _c2005 |
||
| 270 |
_aAzerbaijan 2006 _bBaku |
||
| 300 |
_a248p. _c20cm (pbk) |
||
| 700 |
_929136 _aP. Nagasuseela |
||
| 942 |
_2ddc _cEN _mGOP _h882.009 |
||